LIBRARY & INFORMATION CENTRE, KCAET, TAVANUR

ONLINE PUBLIC ACCESS CATALOGUE (OPAC)

Guide to Patterns and Usage in English / (Record no. 8558)

MARC details
000 -LEADER
fixed length control field 00299cam a2200121ua 4500
082 ## - DEWEY DECIMAL CLASSIFICATION NUMBER
Classification number 425
Item number HOR/GU
100 ## - MAIN ENTRY--AUTHOR NAME
Personal name Hornby, A.S.
245 ## - TITLE STATEMENT
Title Guide to Patterns and Usage in English /
250 ## - EDITION STATEMENT
Edition statement 1 /
260 ## - PUBLICATION, DISTRIBUTION, ETC. (IMPRINT)
Place of publication London :
Name of publisher Oxford University Press ,
Year of publication 1962.
300 ## - PHYSICAL DESCRIPTION
Number of Pages 261 ; .
942 ## - ADDED ENTRY ELEMENTS (KOHA)
Koha item type Books
Holdings
Withdrawn status Lost status Damaged status Home library Current library Date acquired Full call number Accession Number Koha item type
      KAUAET KAUAET 07/04/2012 425 4720 Books
Withdrawn     KAUAET Sanskrit University 07/04/2012 425 394 Books
Withdrawn     KAUAET Sanskrit University 07/04/2012 425 5014 Books
free website counter